Harry Potter Multiplication Quiz Stats

 Plays Quiz Updated Jul 28, 2019

Score 0/17 Timer 05:00
10 Plays Today
Factor #1 Number % Correct
Movies made about the series4
82.4%
Triwizard Tournament competitors8
82%
Books in the series49
80.8%
_____ Broomsticks (Pub in Hogsmeade)9
79.8%
Balls used in a Quidditch game16
79.6%
Nimbus ____6000/6003
78%
Platform the Hogwarts Express leaves from
77.6%
Hogwarts houses with a mammal as a mascot14
77.3%
Harry's DADA teachers18
74.9%
Factor #1 Number % Correct
Years the average student spends at Hogwarts28
70.3%
Named owls in the main series44
69.4%
Sirius's house number (__ Grimmauld Place)24
66.5%
Known Patil sisters62
66.2%
Marauders alive in the epilogue0
63%
Possible OWL grades12
55.5%
Points received for catching the Snitch750
53.7%
Children Ron and Hermione have34
40.8%

You're not logged in!

Compare scores with friends on all Sporcle quizzes.
OR
Log In

Sporcle TV

Today on Sporcle TV


Watch our educational content, quiz creation guides, and fun videos on Sporcle TV.

Show Comments

Extras

Top Quizzes Today


Score Distribution

Your Account Isn't Verified!

In order to create a playlist on Sporcle, you need to verify the email address you used during registration. Go to your Sporcle Settings to finish the process.

Report this User

Report this user for behavior that violates our Community Guidelines.

Details: